000 00421nam a2200157Ia 4500
008 210707s1981 xx 000 0 und d
020 _a085229381X
041 _aeng
082 _a030 ENCY
100 _aENCYCLOPAEDIA BRITANNICA
245 _aEncyclopaedia Britannica book of the year 1981.
260 _aChicago
_bEncyclopaedia Britannica, Inc.,
_c1981
300 _a766 p
563 _aHB
650 _aEncyclopaedia
999 _c180364
_d180364